000 00811nam a22001817a 4500
005 20120410144557.0
020 _c150.00
_a
035 _aB-4533
037 _b
_adpl
082 _a342.54
100 _aखन्ना, संतोष
_944922
245 1 _aभारतीय संविधानः अनुचिंतन के नये क्षितिज /
_cसंतोष खन्ना
260 _aदिल्ली
_bविधि भारती परिषद
_c1999
270 _a
_b
_e
_k
300 _a120पृ.
_c22सेमी (सजिल्द)
942 _adpl
_cHN
_k
_2ddc
_h342.54
_mखन्नास
999 _c64812
_d64812